000 005120000a22001810004500
003 MACL
005 20150710142328.0
008 150710b xxu||||| |||| 00| 0 eng d
040 _aMACL
_cMACL
041 _aEnglish
082 _a320/ISR
100 _aIsrael, Milton
_9676
245 _aCommunication and Power
_bPropaganda and the Press in the Indian National Struggle 1920-1947
260 _bCambridge Univercity
_c1994
_aNew Delhi
350 _a375
650 _aPolitical science
_988
942 _cBK
_k320
_2ddc
999 _c2971
_d2971